| 000 | 005880000a22001810004500 | ||
|---|---|---|---|
| 003 | MACL | ||
| 005 | 20160510150719.0 | ||
| 008 | 160510b xxu||||| |||| 00| 0 eng d | ||
| 040 |
_aMACL _cMACL |
||
| 041 | _aHindi | ||
| 082 | _a891.431 | ||
| 100 |
_aडॉ गुप्त, धनप्रकाश _955971 |
||
| 245 |
_aबूंद बूंद सागर _cडॉ धनप्रकाश गुप्ता |
||
| 260 |
_aदिल्ली _bएस कुमार एंड कं _c2010 |
||
| 350 | _a150 | ||
| 650 |
_aPoetry _955972 |
||
| 942 |
_cHIN _k891.431/GUP/P _2ddc |
||
| 999 |
_c48801 _d48801 |
||